[Event "Titled Tuesday intern op 02nd May Early"]
[Site "Chess.com INT"]
[Date "2023.05.02"]
[Round "1"]
[White "Zhang, Elena"]
[Black "Koellner, Ruben Gideon"]
[Result "1/2-1/2"]
[WhiteElo "2011"]
[BlackElo "2426"]
[PlyCount "161"]
[EventDate "2023.05.02"]
[EventType "swiss (blitz)"]
[EventRounds "11"]
[EventCountry "USA"]
[SourceTitle "EXT 2024"]
[Source "ChessBase"]
[SourceDate "2023.10.10"]
[SourceVersion "1"]
[SourceVersionDate "2023.10.10"]
[SourceQuality "1"]

1. e4 d6 2. d4 Nf6 3. Nc3 e5 4. Be3 Nbd7 5. Qd2 Ng4 6. Bg5 Be7 7. Bxe7 Qxe7 8. f3 Ngf6 9. 0-0-0 c6 10. g4 h6 11. h4 b5 12. Kb1 Bb7 13. Nh3 a6 14. g5 hxg5 15. hxg5 Nh5 16. g6 fxg6 17. Ng5 0-0-0 18. Ne2 Ndf6 19. Bh3+ Kb8 20. Ne6 Rde8 21. Qa5 Qf7 22. dxe5 dxe5 23. Nc5 Qc7 24. Nxa6+ Bxa6 25. Qxa6 Rd8 26. Qa3 Nf4 27. Nxf4 exf4 28. Be6 Rxh1 29. Rxh1 Nd7 30. Qc3 Ne5 31. a3 Kb7 32. Bb3 Kb6 33. Rg1 Qd6 34. Ka2 Qd4 35. Qe1 Qe3 36. Qxe3+ fxe3 37. Re1 Nxf3 38. Rxe3 Ne5 39. Rg3 Kc5 40. c3 Rd3 41. Rg5 Kd6 42. Bc2 Re3 43. Kb1 Re1+ 44. Ka2 Re2 45. Kb1 Ke6 46. b3 Kf6 47. Rg1 g5 48. Kc1 g4 49. a4 bxa4 50. bxa4 Re3 51. Kd2 Rh3 52. Rf1+ Nf3+ 53. Ke3 Ke5 54. Ke2 Rh2+ 55. Rf2 Rh1 56. Bb3 Re1+ 57. Kd3 Rb1 58. Kc2 Ra1 59. Kb2 Rh1 60. Rg2 Kf4 61. a5 g3 62. a6 Rh8 63. Be6 Ra8 64. Bc4 Ne1 65. Rg1 Nf3 66. Be2 Ne5 67. Rf1+ Kxe4 68. Rg1 Kf4 69. Kb3 c5 70. Ka4 c4 71. Kb5 Ke3 72. Bxc4 Nxc4 73. Rxg3+ Kf4 74. Rxg7 Nd6+ 75. Kb6 Ke5 76. Rg5+ Ke6 77. Rg6+ Kd5 78. Rg5+ Ke6 79. Rg6+ Kd7 80. Rg7+ Ke6 81. Rg6+ 1/2-1/2

[Event "Wch U10 Girls"]
[Site "Weifang"]
[Date "2019.08.22"]
[Round "2"]
[White "Zhang, Elena"]
[Black "Chen, Yining"]
[Result "0-1"]
[WhiteElo "1281"]
[BlackElo "1744"]
[PlyCount "80"]
[EventDate "2019.08.21"]
[EventType "swiss"]
[EventRounds "11"]
[EventCountry "CHN"]
[SourceTitle "EXT 2020"]
[Source "ChessBase"]
[SourceDate "2019.10.17"]
[SourceVersion "1"]
[SourceVersionDate "2019.10.17"]
[SourceQuality "1"]

1. d4 Nf6 2. Nf3 g6 3. Bf4 Bg7 4. e3 d6 5. h3 0-0 6. Be2 Nbd7 7. 0-0 Qe8 8. c4 e5 9. Bh2 Qe7 10. Nc3 a5 11. Qc2 c6 12. dxe5 Nxe5 13. Nxe5 dxe5 14. Rfd1 Nd7 15. Rd2 Nc5 16. Rad1 Bf5 17. e4 Be6 18. Na4 f5 19. Nxc5 Qxc5 20. Qb3 fxe4 21. Bg3 b5 22. Rd6 a4 23. Qc3 Bf7 24. cxb5 Qxc3 25. bxc3 cxb5 26. Bxb5 Bxa2 27. Ra1 Bb3 28. Bc6 Ra5 29. Bxe4 Rc8 30. Rc6 Rxc6 31. Bxc6 a3 32. f4 exf4 33. Bxf4 Bxc3 34. Rf1 a2 35. Bh6 Rf5 36. Rxf5 a1Q+ 37. Kh2 gxf5 38. Bf4 Bd4 39. Bf3 Qg1+ 40. Kg3 Bf2# 0-1